LEADER 02046nam a2200373 i 4500 001 000000193691 003 CaOOAMICUS 005 20101027000000.0 008 101027s2009 it u000 u ita u 013 $a172334 020 $a978-884672384-0 040 $aSeMil$bita 245 10$aAgostino a scuola: letteratura e didattica :$batti della Giornata di studio di Pavia (13 novembre 2008) /$ca cura di Fabio Gasti e Marino Neri. 260 $aPisa :$bETS,$c2009. 300 $a190 p. ;$c24 cm. 490 0 $aTesti e studi di cultura classica ;$v43 650 4$aAgostino, Aurelio - Cultura classica.$0(OLS)http://semarc/subject/36399 700 1 $aNeri, Marino <1976- >.$0(OLS)http://semarc/name/70492 700 1 $aGasti, Fabio,$d<1962- >.$0(OLS)http://semarc/name/70491 774 0 $tAgostino e la scuola. L'utilitas della formazione scolastica e la prosa delle Confessioni.$w()329592 774 0 $tAgostino fondatore di una retorica cristiana.$w()329593 774 0 $tParturitio novae vitae: raccontare la conversione (Aug. Conf. VIII e due lettere).$w()329594 774 0 $tAgostino tra Bruno, Livio e Virgilio (Civ 3,16 ; 5,18): un possibile tirannicidio cristiano?.$w()329595 774 0 $tLessico dell' "io " e lessico di Dio in Agostino.$w()329596 774 0 $tFilosofia e Latino: un percorso interdisciplinare.$w()329597 774 0 $tAgostino a scuola. Un confronto tra Agostino e Seneca saepe noster.$w()329598 774 0 $tPer una didattica agostiniana.$w()329599 830 0$aTesti e studi di cultura classica ;$v43.$0(OLS)http://semarc/title/32085 850 $aSeMil 852 $aSeMil$W1$xVenegono$y1$m2T V 76$j144265$B144265$CSeMilBibl$Z2$F156027 $81 961 $aOmaggio: Delpini mons. Mario 996 $6020$a978-884672384-0$9(OLS)http://semarc/number/185148 996 $6245$aAgostino a scuola: letteratura e didattica :$batti della Giornata di studio di Pavia (13 novembre 2008)$9(OLS)http://semarc/title/279271 996 $6260$aPisa :$bETS$9(OLS)http://semarc/publisher/31866 LEADER 01029nam a2200265 i 4500 001 000000142710 003 CaOOAMICUS 005 20260407113438.0 008 160323s1984 it u000 u ita u 040 $aSeMil$bita 100 1 $aSpagnol, Elena,$d<1930-2020>.$0(OLS)http://semarc/name/5042 245 13$aIl libro delle citazioni /$cElena Spagnol. 250 $a2. Ed. 264 1$aMilano :$bVallardi,$c1984. 300 $a1153 p. ;$c20 cm. 490 1 $aLe guide 650 4$aLingua italiana - Dizionari fraseologici.$0(OLS)http://semarc/subject/4373 650 4$aCitazioni - Enciclopedie e dizionari.$0(OLS)http://semarc/subject/1650 830 3$aLe guide.$0(OLS)http://semarc/title/16180 850 $aSeMil 852 $aSeMil$W1$xVenegono$y1$mSL1.A III 8$j269778$B95861$CSeMilBibl$Z2$F102727 $8I 961 $aOmaggio: Altro 996 $6245$aIl libro delle citazioni$9(OLS)http://semarc/title/208768 996 $6264$aMilano :$bVallardi$9(OLS)http://semarc/publisher/30148